000 00605nam a2200229Ia 4500
003 OSt
005 20221007063152.0
006 a|||||r|||| 00| 0
007 ta
008 221006b |||||||| |||| 00| 0 eng d
024 _a10,233
037 _cTextual
040 _aFLL
_cFLL
_beng
041 _2eng
_aeng
082 _aZQ7:12.1, L2
100 _aMahmood Tahir Au.
245 0 _aFamily law reforms in muslim world
260 _aBombay
_bN.M.Tripathi India
_c1972
300 _a336p
_ccm.
942 _hZQ7:12.1, L2
_cTEXL
_2CC
999 _c1130569
_d1130569